Určovanie lehôt investičnej výstavby pomocou sieťovej analýzy

Bibliographic Details
Main Authors: Hlavenka, Ján (Author), Zrnovský, Peter (Author)
Format: Article
Language:Slovak

MARC

LEADER 00000nab a2200000uu 4500
001 vtls011463827
003 SK-MaSNL
005 20260303132151.0
008 230218|1971 xo |||||||||||||||||slo|
015 |a SNBRB 
035 |a (urnnbn)urn:nbn:sk:snk:ar-a0atva 
035 |a (uuid)fb117d09-8144-494e-a0db-211b97293112 
035 |a urn:nbn:sk:snk-abcwyi 
040 |a SNKBUCL  |b slo  |c SNKBUCL  |e AACR2 
041 0 |a slo 
044 |a xo  |c SK 
100 1 |a Hlavenka, Ján  |4 aut  |9 336486 
245 1 0 |a Určovanie lehôt investičnej výstavby pomocou sieťovej analýzy  |c Ján Hlavenka, Peter Zrnovský 
700 1 |a Zrnovský, Peter  |4 aut  |9 996546 
773 0 |t Ekonomika stavebníctva  |g Roč. 6, č. 11-12 (1971), s. 331-339 
954 |a odborná, vedecká literatúra pôvodná (slovenská)  |2 lita 
958 |a OND 
958 |a EUIPO 
958 |a article16 
999 |c 1949413  |d 1951343